| 000 | 00812nam a22001817a 4500 | ||
|---|---|---|---|
| 003 | JO-AjAnu | ||
| 005 | 20240327092937.0 | ||
| 008 | 240325b jo ||||| |||| 00| 0 ara d | ||
| 040 |
_cJO-AjAnu _aJO-AjAnu |
||
| 041 | _hara | ||
| 100 |
_aالمكتب الفني في المحكمة العليا الشرعية _eاعداد _965134 |
||
| 245 | 0 | 2 |
_aالمبادئ القضائية في قرارات المحكمة العليا الشرعية، الجزء الاول / _c اعداد المكتب الفني في المحكمة العليا الشرعية |
| 260 |
_cعمان : _aدائرة قاضي القضاة، _b2022 |
||
| 300 | _a347 صفحة | ||
| 504 | _aيحتوي هذا الكتاب على اجزاء وهذا الحزء الاول | ||
| 650 | 7 | _vالمبادئ القضائية | |
| 942 |
_2lcc _cBK _n0 |
||
| 999 |
_c33352 _d33352 |
||